| 000 | 00632cam a2200169 4500 | ||
|---|---|---|---|
| 001 | hew68000030 | ||
| 003 | DLC | ||
| 005 | 20260227111516.0 | ||
| 008 | 690424s1967 dcua 000 0 eng c | ||
| 010 | _ahew68000030 | ||
| 040 |
_aU.S. Dept. of Health, Education and Welfare. Library HV3006.A1A7 _cDLC _dDLC |
||
| 110 | 1 |
_aUnited States. _bRehabilitation Services Administration. _bDivision of Mental Retardation. |
|
| 245 | 1 | 0 | _aFacilities for training to meet the needs of the mentally retarded. |
| 260 |
_a[Washington, _c1967] |
||
| 300 |
_a16 p. _billus. _c24 cm. |
||
| 650 | 0 |
_aPeople with mental disabilities _xCare _zUnited States. |
|
| 999 |
_c34754 _d34754 |
||